Historia gráfica de la Nueva España /

Historia del México colonial, desarrollada a partir de quince gráficas que fueron exhibidas en la Exposición Iberoamericana de Sevilla en los años veinte. Las gráficas, cada una acompañada de su respectiva exposición, abordan el descubrimiento, la conquista, colonización e Independencia de México, e...

ver descrição completa

Na minha lista:
Detalhes bibliográficos
Autor principal: Benítez, José R. (autor)
Outros Autores: Prieto, Valerio (ilustración) (ilustración)
Formato: Livro
Idioma:espanhol
Assuntos:
Tags: Adicionar Tag
Sem tags, seja o primeiro a adicionar uma tag!

MARC

LEADER 00000nam^a2200000^a^4500
001 000099377
005 20250521000000.0
009 20260310093127.687
037 |a Acervo ITESO - Biblioteca 
041 |a ESP 
082 |a 972. 03  |b BEN 
100 |a Benítez, José R.  |e (autor) 
245 1 0 |a Historia gráfica de la Nueva España /  |c J.R. Benítez ; il. de V. Prieto ; presen. de Jacinto Lasa, Benito Menacho. 
264 |a México :  |b Cámara Oficial Española de Comercio en los Estados Unidos Mexicanos,  |c 1929 
300 |a 305 p. 
336 |a texto  |b txt  |2 rdacontenido 
337 |a sin mediación  |b n  |2 rdamedio 
338 |a volumen  |b nc  |2 rdasoporte 
520 |a Historia del México colonial, desarrollada a partir de quince gráficas que fueron exhibidas en la Exposición Iberoamericana de Sevilla en los años veinte. Las gráficas, cada una acompañada de su respectiva exposición, abordan el descubrimiento, la conquista, colonización e Independencia de México, en un recorrido de 300 años que da cabida a la evolución y desarrollo de las poblaciones virreinales; las labores educativas y religiosas; las artes, las industrias y las vías de comunicación. 
649 |a XX 
650 |a México -  |x Historia -  |y Descubrimiento y Conquista, 1517-1521 
650 |a México -  |x Historia -  |y Virreinato, 1535-1821 
650 |a México -  |x Historia -  |y Guerra de Independencia, 1810-1821 
650 |a México -  |x Historia -  |y Epoca Colonial, 1517-1821 
650 |a Economía -  |z México -  |x Historia 
650 |a Política -  |z México -  |x Historia 
700 |a Prieto, Valerio  |e (ilustración) 
910 |a Fondo Jesús Rodríguez 
920 |a Impresos - Libros 
930 |a Fondos Especiales 
905 |a 113 
901 |a 0500034343  |b IT2  |c ESP  |u 20250521 
902 |a https://opac.biblio.iteso.mx/vufind/Record/000099377